[Event "8. HK Mesterskab 2005"]
[Site "Farum"]
[Date "2005.10.16"]
[Round "1"]
[White "Damm, Kasper Wilken"]
[Black "Bostrup, Thomas Due"]
[Result "1-0"]
[WhiteElo "2261"]
[BlackElo "1721"]
[PlyCount "39"]
[EventDate "2005.10.??"]
[EventType "swiss"]
[EventRounds "7"]
[EventCountry "DEN"]

1. e4 d6 2. d4 Nf6 3. Bd3 g6 4. Ne2 Bg7 5. O-O O-O 6. f4 c5 7. c3 Bd7 8. a4 Na6
9. e5 Nd5 10. Bxa6 bxa6 11. dxc5 Bc6 12. Nd4 Bb7 13. c6 Bxc6 14. Nxc6 Qb6+ 15.
Nd4 dxe5 16. fxe5 Bxe5 17. Na3 Bg7 18. Nc4 Qc5 19. Ne3 Rad8 20. Qf3 1-0

[Event "8. HK Mesterskab 2005"]
[Site "Farum"]
[Date "2005.10.16"]
[Round "1"]
[White "Scherwin, Claes"]
[Black "Nielsen, Nicholas Roland"]
[Result "0-1"]
[WhiteElo "1618"]
[BlackElo "2208"]
[PlyCount "78"]
[EventDate "2005.10.??"]
[EventType "swiss"]
[EventRounds "7"]
[EventCountry "DEN"]

1. d4 Nf6 2. c4 e6 3. Nc3 Bb4 4. Nf3 b6 5. Bg5 Bb7 6. e3 h6 7. Bh4 O-O 8. Bd3
d5 9. O-O Nbd7 10. cxd5 exd5 11. Rc1 Be7 12. Ne2 c5 13. Bxf6 Nxf6 14. Ng3 Ne4
15. Qc2 cxd4 16. Nxd4 Rc8 17. Qe2 Rxc1 18. Rxc1 Nc5 19. Bb1 Re8 20. Ngf5 Bf8
21. Qg4 g6 22. h4 h5 23. Qg3 Kh8 24. b4 Ne4 25. Qc7 Qxc7 26. Rxc7 Bc8 27. Bxe4
dxe4 28. Ng3 Bxb4 29. Nxe4 Rxe4 30. Rxc8+ Kg7 31. Rc4 Bc5 32. g3 Re7 33. Kg2
Rd7 34. Kf3 Kf6 35. Kf4 Ke7 36. f3 Bd6+ 37. Kg5 Bxg3 38. Nc6+ Kf8 39. Ra4 Kg7
0-1

[Event "8. HK Mesterskab 2005"]
[Site "Farum"]
[Date "2005.10.16"]
[Round "1"]
[White "Thorsbro, Peter"]
[Black "Rasmussen, Ole"]
[Result "1-0"]
[WhiteElo "2205"]
[BlackElo "1613"]
[PlyCount "81"]
[EventDate "2005.10.??"]
[EventType "swiss"]
[EventRounds "7"]
[EventCountry "DEN"]

1. d4 Nf6 2. c4 d5 3. cxd5 Nxd5 4. e4 Nb6 5. Nc3 e6 6. Nf3 Be7 7. Be2 O-O 8.
Be3 c6 9. O-O N8d7 10. Rc1 Nf6 11. Ne5 Nbd7 12. f4 h6 13. Qe1 Nh7 14. Qg3 Nxe5
15. dxe5 Kh8 16. Rcd1 Qa5 17. Kh1 Bc5 18. Bc1 Qc7 19. Qg4 f5 20. exf6 Nxf6 21.
Qh4 Be7 22. e5 Nd5 23. Qg3 Bd7 24. Bd3 Be8 25. Qh3 Qc8 26. f5 exf5 27. Bxf5
Rxf5 28. Qxf5 Qxf5 29. Rxf5 Bg6 30. Rff1 Nb4 31. Rd7 Bc5 32. a3 Nd3 33. h3 Nxe5
34. Rxb7 Nd3 35. b4 Bd4 36. Ne2 Bb6 37. Nf4 Nxf4 38. Rxf4 Rg8 39. Rh4 Bf2 40.
Rxh6+ gxh6 41. Bb2+ 1-0

[Event "8. HK Mesterskab 2005"]
[Site "Farum"]
[Date "2005.10.16"]
[Round "1"]
[White "Andersen, Daniel"]
[Black "Jorgensen, Orla Eilegaard"]
[Result "1-0"]
[WhiteElo "2026"]
[BlackElo "1595"]
[PlyCount "63"]
[EventDate "2005.10.??"]
[EventType "swiss"]
[EventRounds "7"]
[EventCountry "DEN"]

1. d4 Nf6 2. c4 g6 3. f3 d5 4. cxd5 Nxd5 5. e4 Nf6 6. Nc3 Bg7 7. Be3 O-O 8. Qd2
Re8 9. O-O-O c6 10. Nge2 b5 11. Ng3 b4 12. Nce2 a5 13. e5 Nd5 14. Bh6 Bh8 15.
h4 Be6 16. Ne4 Nd7 17. h5 c5 18. hxg6 fxg6 19. Ng5 Bf7 20. e6 Bxe6 21. Nxe6 Qb6
22. Ng5 cxd4 23. Kb1 e5 24. Ng3 b3 25. Bc4 bxa2+ 26. Bxa2 N7f6 27. N3e4 Rad8
28. Qc2 Rc8 29. Nxf6+ Bxf6 30. Bxd5+ Kh8 31. Qxg6 hxg6 32. Bf8# 1-0

[Event "8. HK Mesterskab 2005"]
[Site "Farum"]
[Date "2005.10.16"]
[Round "1"]
[White "Christophersen, David"]
[Black "Jensen, Orla"]
[Result "1-0"]
[WhiteElo "1512"]
[BlackElo "2003"]
[PlyCount "95"]
[EventDate "2005.10.??"]
[EventType "swiss"]
[EventRounds "7"]
[EventCountry "DEN"]

1. g3 Nf6 2. Bg2 g6 3. d3 Bg7 4. Nf3 O-O 5. c4 d6 6. Nc3 c6 7. O-O Na6 8. a3
Qa5 9. Bd2 Qh5 10. Nh4 g5 11. Bf3 Bg4 12. Nf5 Rfe8 13. Ne4 Nxe4 14. Nxg7 Kxg7
15. Bxg4 Qxg4 16. f3 Qh5 17. fxe4 Nc5 18. Rf2 e5 19. Bb4 Rad8 20. Bxc5 dxc5 21.
Qd2 Rd6 22. Qa5 Ree6 23. Qxa7 Rf6 24. Raf1 Rxf2 25. Rxf2 Rf6 26. Qxc5 g4 27.
Rxf6 Kxf6 28. Qd6+ Kg7 29. Qe7 Kg8 30. Qxb7 Qg5 31. a4 h5 32. Qb8+ Kg7 33. a5
h4 34. gxh4 Qe3+ 35. Kf1 Qh3+ 36. Ke1 Qxh4+ 37. Kd2 Qxh2 38. a6 Qf4+ 39. Kc2
Qh2 40. a7 Qxe2+ 41. Kc3 Qe1+ 42. Kb3 Qd1+ 43. Kb4 Qd2+ 44. Kc5 Qe3+ 45. Kxc6
Qh6+ 46. Qd6 Qh8 47. Qxe5+ f6 48. Qb8 1-0

[Event "8. HK Mesterskab 2005"]
[Site "Farum"]
[Date "2005.10.16"]
[Round "1"]
[White "Eriksson, Christian Altenburg"]
[Black "Hein, Jacob"]
[Result "1-0"]
[WhiteElo "1985"]
[BlackElo "1390"]
[PlyCount "47"]
[EventDate "2005.10.??"]
[EventType "swiss"]
[EventRounds "7"]
[EventCountry "DEN"]

1. e4 e5 2. Nf3 Nf6 3. Nxe5 d5 4. d4 Nxe4 5. Bd3 Nxf2 6. Kxf2 Qh4+ 7. Kf1 Qxd4
8. Qe2 Be6 9. c3 Qh4 10. Nd2 Bd6 11. Ndf3 Qf6 12. Bg5 Qxf3+ 13. Nxf3 Nd7 14.
Nd4 O-O 15. Re1 Rae8 16. Nb5 Bf5 17. Bxf5 Rxe2 18. Rxe2 Nc5 19. Nxd6 cxd6 20.
Be7 Re8 21. Bxd6 Rxe2 22. Kxe2 Ne6 23. Bxe6 fxe6 24. Rf1 1-0

[Event "8. HK Mesterskab 2005"]
[Site "Farum"]
[Date "2005.10.16"]
[Round "1"]
[White "Petersen, Jan"]
[Black "Thomsen, Kurt"]
[Result "0-1"]
[WhiteElo "1322"]
[BlackElo "1851"]
[PlyCount "44"]
[EventDate "2005.10.??"]
[EventType "swiss"]
[EventRounds "7"]
[EventCountry "DEN"]

1. e4 e6 2. d4 d5 3. exd5 exd5 4. Nf3 Nf6 5. Bg5 Be7 6. c3 O-O 7. Bd3 h6 8. Bh4
Re8 9. O-O Ne4 10. Bxe7 Qxe7 11. Re1 Bf5 12. Nbd2 Nd7 13. Qb3 Nxd2 14. Nxd2
Qxe1+ 15. Rxe1 Rxe1+ 16. Bf1 Nb6 17. Qb5 c6 18. Qb4 Bd3 19. b3 Rd1 20. c4 dxc4
21. Qc3 Nd5 22. Qa5 c3 0-1

[Event "8. HK Mesterskab 2005"]
[Site "Farum"]
[Date "2005.10.16"]
[Round "1"]
[White "Noer, Martin Stampe"]
[Black "Pedersen, Leif"]
[Result "1-0"]
[WhiteElo "1804"]
[BlackElo "1286"]
[PlyCount "69"]
[EventDate "2005.10.??"]
[EventType "swiss"]
[EventRounds "7"]
[EventCountry "DEN"]

1. d4 c5 2. d5 Nf6 3. c4 Ne4 4. Qd3 Nd6 5. Nc3 a6 6. a4 b6 7. e4 e5 8. f4 f6 9.
fxe5 fxe5 10. Nf3 Nf7 11. Be2 d6 12. O-O Be7 13. Bd2 O-O 14. Nd1 Bg4 15. Ne3
Bxf3 16. Bxf3 Nh6 17. Ng4 Nxg4 18. Bxg4 Nd7 19. a5 Nf6 20. Be6+ Kh8 21. Rf3 Nh5
22. Rxf8+ Qxf8 23. axb6 Bd8 24. b7 Rb8 25. Bc8 Nf4 26. Bxf4 exf4 27. Rxa6 Bc7
28. Qf3 Qf6 29. Rc6 Bd8 30. Qc3 Qe7 31. b4 Qxe4 32. Rxd6 Bf6 33. Rxf6 Qb1+ 34.
Kf2 h6 35. Rxh6+ 1-0

[Event "8. HK Mesterskab 2005"]
[Site "Farum"]
[Date "2005.10.16"]
[Round "1"]
[White "Palvig, David"]
[Black "Pedersen, Christopher RNH"]
[Result "0-1"]
[WhiteElo "1171"]
[BlackElo "1798"]
[PlyCount "64"]
[EventDate "2005.10.??"]
[EventType "swiss"]
[EventRounds "7"]
[EventCountry "DEN"]

1. Nf3 g6 2. g3 Bg7 3. Bg2 d5 4. d4 c5 5. c3 Nc6 6. Bf4 cxd4 7. cxd4 Qb6 8. Be5
f6 9. Bf4 Qxb2 10. Nbd2 e5 11. dxe5 fxe5 12. Bg5 e4 13. O-O Qxa1 14. Qxa1 Bxa1
15. Rxa1 exf3 16. Bxf3 h6 17. Bf4 Nf6 18. e4 g5 19. Bd6 dxe4 20. Nxe4 Nxe4 21.
Bxe4 Bd7 22. Bg6+ Kd8 23. Rd1 h5 24. Be5 Nxe5 25. Bf5 Rf8 26. Bxd7 Nxd7 27. Kg2
Rc8 28. Rd2 Ke7 29. h4 g4 30. a4 Ne5 31. a5 Rc1 32. Ra2 Nf3 0-1

[Event "8. HK Mesterskab 2005"]
[Site "Farum"]
[Date "2005.10.17"]
[Round "2"]
[White "Eriksson, Christian Altenburg"]
[Black "Damm, Kasper Wilken"]
[Result "0-1"]
[WhiteElo "1985"]
[BlackElo "2261"]
[PlyCount "90"]
[EventDate "2005.10.??"]
[EventType "swiss"]
[EventRounds "7"]
[EventCountry "DEN"]

1. e4 c5 2. c3 Nf6 3. e5 Nd5 4. Nf3 e6 5. d4 cxd4 6. cxd4 d6 7. Bc4 Nb6 8. Bb3
dxe5 9. Nxe5 Bb4+ 10. Nc3 O-O 11. O-O Nc6 12. Nxc6 bxc6 13. Qg4 e5 14. Qg3 exd4
15. Ne4 Bf5 16. Ng5 Nd5 17. Qe5 Qf6 18. Nf3 d3 19. Qxf6 Nxf6 20. a3 Ba5 21. Bc4
Rad8 22. Bg5 h6 23. Bxf6 gxf6 24. b4 Bc7 25. Rad1 Rd7 26. Nd2 Bb6 27. h3 a5 28.
b5 c5 29. a4 Rd4 30. Bb3 Rb4 31. Rb1 Bc7 32. g4 Bc8 33. Bc4 Rxa4 34. b6 Bf4 35.
b7 Be6 36. Bxe6 fxe6 37. Nb3 c4 38. Nc5 Rb4 39. Nxe6 c3 40. Nxf4 d2 41. Ra1 c2
42. Nd3 Rxb7 43. Nc5 Rb5 44. Ne6 Rc8 45. Nd4 c1=Q 0-1

[Event "8. HK Mesterskab 2005"]
[Site "Farum"]
[Date "2005.10.17"]
[Round "2"]
[White "Nielsen, Nicholas Roland"]
[Black "Noer, Martin Stampe"]
[Result "1-0"]
[WhiteElo "2208"]
[BlackElo "1804"]
[PlyCount "63"]
[EventDate "2005.10.??"]
[EventType "swiss"]
[EventRounds "7"]
[EventCountry "DEN"]

1. e4 c6 2. d4 d5 3. Nd2 dxe4 4. Nxe4 Nf6 5. Nxf6+ exf6 6. c3 Bd6 7. Bd3 O-O 8.
Ne2 Bg4 9. Qc2 g6 10. f3 Be6 11. Bf4 Re8 12. Kf2 c5 13. Be4 Re7 14. d5 f5 15.
dxe6 fxe4 16. exf7+ Rxf7 17. Rhd1 Qh4+ 18. Bg3 Bxg3+ 19. hxg3 Qe7 20. Nf4 Nc6
21. Re1 Rxf4 22. gxf4 Qh4+ 23. Kg1 exf3 24. Qf2 Qxf4 25. Qxf3 Qg5 26. Rad1 Rd8
27. Rxd8+ Qxd8 28. Qe3 Qf8 29. Rd1 Qf5 30. Qe8+ Qf8 31. Qe6+ Kh8 32. Rd7 1-0

[Event "8. HK Mesterskab 2005"]
[Site "Farum"]
[Date "2005.10.17"]
[Round "2"]
[White "Thomsen, Kurt"]
[Black "Thorsbro, Peter"]
[Result "0-1"]
[WhiteElo "1851"]
[BlackElo "2205"]
[PlyCount "95"]
[EventDate "2005.10.??"]
[EventType "swiss"]
[EventRounds "7"]
[EventCountry "DEN"]

1. d4 d5 2. c4 e6 3. Nc3 Be7 4. Nf3 Nf6 5. Bg5 O-O 6. Qc2 c6 7. e3 Nbd7 8. cxd5
exd5 9. Bd3 Re8 10. O-O Nf8 11. Ne5 N6d7 12. Bf4 Nxe5 13. Bxe5 Ng6 14. Bg3 Bd6
15. Rab1 Bxg3 16. hxg3 Nf8 17. Kh2 Qg5 18. Rh1 Re6 19. Kg1 h5 20. e4 dxe4 21.
Nxe4 Qd5 22. Rd1 Rh6 23. Bc4 Qa5 24. Qb3 Qc7 25. Ng5 Ne6 26. Nxe6 Bxe6 27. Bxe6
fxe6 28. Re1 Qf7 29. Rh4 Rf6 30. Re5 g6 31. Qe3 Rd8 32. Rhe4 Rd6 33. Qa3 Rd7
34. f4 a6 35. Qe3 Rd6 36. b4 Qd7 37. a4 Kf7 38. Qc3 Rf5 39. Kh2 Qe7 40. b5 cxb5
41. axb5 axb5 42. Rxf5+ gxf5 43. Re5 Qd7 44. Rc5 Rc6 45. Qf3 Kg6 46. Rxb5 Qxd4
47. Qb3 b6 48. Rb4 0-1

[Event "8. HK Mesterskab 2005"]
[Site "Farum"]
[Date "2005.10.17"]
[Round "2"]
[White "Kaya Mortensen, Jan T"]
[Black "Christophersen, David"]
[Result "1-0"]
[WhiteElo "2173"]
[BlackElo "1512"]
[PlyCount "49"]
[EventDate "2005.10.??"]
[EventType "swiss"]
[EventRounds "7"]
[EventCountry "DEN"]

1. d4 g6 2. c4 Bg7 3. Nc3 d6 4. e4 Nf6 5. Be2 c5 6. Nf3 O-O 7. O-O Re8 8. dxc5
Qc7 9. cxd6 exd6 10. Nb5 Qe7 11. Nxd6 Rd8 12. e5 Ne4 13. Nxc8 Rxc8 14. Qd5 Nc5
15. Bg5 Qe8 16. Rad1 Nbd7 17. Rfe1 Nb6 18. Qd2 Ne4 19. Qf4 Nxg5 20. Nxg5 Bxe5
21. Qh4 h5 22. Bxh5 Rxc4 23. Bg4 Rc5 24. b4 Rc7 25. f4 1-0

[Event "8. HK Mesterskab 2005"]
[Site "Farum"]
[Date "2005.10.17"]
[Round "2"]
[White "Pedersen, Christopher RNH"]
[Black "Andersen, Daniel"]
[Result "1-0"]
[WhiteElo "1798"]
[BlackElo "2026"]
[PlyCount "41"]
[EventDate "2005.10.??"]
[EventType "swiss"]
[EventRounds "7"]
[EventCountry "DEN"]

1. e4 g6 2. d4 Bg7 3. Nf3 d6 4. c4 c5 5. Nc3 Nc6 6. Be3 Nf6 7. h3 cxd4 8. Nxd4
O-O 9. Be2 Ne8 10. O-O Nc7 11. f4 Bd7 12. Bf3 a6 13. Rc1 Rc8 14. Nd5 e5 15. Ne2
exf4 16. Nexf4 Bxb2 17. Rb1 Be5 18. Rxb7 Na5 19. Rxc7 Rxc7 20. Bb6 Bxf4 21.
Bxc7 1-0

[Event "8. HK Mesterskab 2005"]
[Site "Farum"]
[Date "2005.10.17"]
[Round "2"]
[White "Hein, Jacob"]
[Black "Scherwin, Claes"]
[Result "0-1"]
[WhiteElo "1390"]
[BlackElo "1618"]
[PlyCount "124"]
[EventDate "2005.10.??"]
[EventType "swiss"]
[EventRounds "7"]
[EventCountry "DEN"]

1. c4 Nf6 2. Nc3 e6 3. g3 d5 4. cxd5 exd5 5. Bg2 c6 6. a3 Be6 7. Nf3 Qd7 8. Ng5
Bf5 9. d3 h6 10. e4 Bg4 11. Nf3 dxe4 12. dxe4 Qxd1+ 13. Nxd1 Nxe4 14. Ne5 Bxd1
15. Bxe4 Bb3 16. O-O Nd7 17. Nxd7 Kxd7 18. Re1 Rd8 19. Be3 Kc7 20. Rac1 a6 21.
Rc3 Be6 22. Kg2 Be7 23. a4 Bb4 24. Bf4+ Kc8 25. Rxc6+ bxc6 26. Rc1 Bd5 27. Bxd5
Rxd5 28. Rxc6+ Kd7 29. Rxa6 Ra5 30. Rb6 Be7 31. b3 Rha8 32. Bd2 Rf5 33. Rb7+
Ke6 34. Rb6+ Bd6 35. Bb4 Rd5 36. a5 Rb8 37. Bxd6 Rxb6 38. axb6 Kxd6 39. b7 Kc7
40. b8=Q+ Kxb8 41. b4 f6 42. h4 Kb7 43. Kf3 Re5 44. Kg4 h5+ 45. Kf4 Kb6 46. f3
g5+ 47. hxg5 Rxg5 48. b5 Kxb5 49. g4 h4 50. Ke3 h3 51. Kf2 f5 52. Kg3 fxg4 53.
fxg4 h2 54. Kxh2 Rxg4 55. Kh3 Rg8 56. Kh4 Kc5 57. Kh5 Kd5 58. Kh6 Ke6 59. Kh7
Rg1 60. Kh6 Kf5 61. Kh7 Kf6 62. Kh8 Kf7 0-1

[Event "8. HK Mesterskab 2005"]
[Site "Farum"]
[Date "2005.10.17"]
[Round "2"]
[White "Rasmussen, Ole"]
[Black "Palvig, David"]
[Result "1-0"]
[WhiteElo "1613"]
[BlackElo "1171"]
[PlyCount "59"]
[EventDate "2005.10.??"]
[EventType "swiss"]
[EventRounds "7"]
[EventCountry "DEN"]

1. e4 c6 2. d4 d5 3. Nd2 dxe4 4. Nxe4 Bf5 5. Ng3 Bg6 6. h4 h6 7. Nf3 Nf6 8. h5
Bh7 9. Bd3 Bxd3 10. Qxd3 e6 11. Bd2 Nbd7 12. O-O-O c5 13. dxc5 Bxc5 14. Be3
Bxe3+ 15. Qxe3 O-O 16. Ne5 Qc7 17. Nxd7 Nxd7 18. Ne4 Rfd8 19. g4 f6 20. f4 e5
21. Qb3+ Kh8 22. Nd6 Nc5 23. Qd5 Rd7 24. fxe5 Rad8 25. Rdf1 fxe5 26. Nf7+ Kh7
27. Qf3 Rf8 28. g5 hxg5 29. Nxg5+ Kg8 30. Qxf8# 1-0

[Event "8. HK Mesterskab 2005"]
[Site "Farum"]
[Date "2005.10.17"]
[Round "2"]
[White "Pedersen, Leif"]
[Black "Hansen, Torben"]
[Result "0-1"]
[WhiteElo "1286"]
[BlackElo "1603"]
[PlyCount "98"]
[EventDate "2005.10.??"]
[EventType "swiss"]
[EventRounds "7"]
[EventCountry "DEN"]

1. b3 e5 2. Bb2 Nc6 3. d3 Bc5 4. e3 d6 5. Be2 Nf6 6. Nd2 O-O 7. Ngf3 Nd5 8. d4
exd4 9. exd4 Bb6 10. O-O Qf6 11. Ne4 Qg6 12. Bd3 Nf4 13. Ng3 Nxd3 14. Qxd3 Qxd3
15. cxd3 Nb4 16. Rfd1 Bg4 17. Rd2 Bxf3 18. gxf3 Rfe8 19. a3 Nc6 20. d5 Ne5 21.
Kg2 Ng6 22. Nh5 Nh4+ 23. Kg3 Nf5+ 24. Kg4 Nd4 25. Bxd4 Bxd4 26. Rc1 g6 27. Ng3
Bb6 28. d4 Re7 29. Kh3 f5 30. f4 Rae8 31. Rcc2 Re1 32. Ne2 Rb1 33. Rb2 Rxb2 34.
Rxb2 Re4 35. Rd2 Kg7 36. Kg2 h6 37. h4 Kf6 38. b4 a5 39. Kf3 g5 40. hxg5+ hxg5
41. fxg5+ Kxg5 42. Kg3 Kf6 43. f4 Re3+ 44. Kh4 Rxa3 45. bxa5 Bxa5 46. Rc2 Be1+
47. Ng3 Rxg3 48. Re2 Re3+ 49. Rxe1 Rxe1 0-1

[Event "8. HK Mesterskab 2005"]
[Site "Farum"]
[Date "2005.10.18"]
[Round "3"]
[White "Damm, Kasper Wilken"]
[Black "Kaya Mortensen, Jan T"]
[Result "1-0"]
[WhiteElo "2261"]
[BlackElo "2173"]
[PlyCount "61"]
[EventDate "2005.10.??"]
[EventType "swiss"]
[EventRounds "7"]
[EventCountry "DEN"]

1. g3 f5 2. Bg2 Nf6 3. d4 g6 4. c3 Nc6 5. Nh3 Bg7 6. O-O e6 7. f3 Qe7 8. Bg5 h6
9. Bxf6 Bxf6 10. Nf4 Qg7 11. Nd2 h5 12. e4 Bg5 13. Nd3 Be3+ 14. Nf2 h4 15. Re1
hxg3 16. hxg3 f4 17. Nf1 Bxf2+ 18. Kxf2 g5 19. e5 b6 20. Qd3 Bb7 21. Nd2 O-O-O
22. Rh1 fxg3+ 23. Kxg3 Rh4 24. Rag1 Rdh8 25. Rxh4 Rxh4 26. Kf2 Ne7 27. f4 Rxf4+
28. Ke1 Qh6 29. Qg3 g4 30. Rh1 Qf8 31. Qxf4 1-0

[Event "8. HK Mesterskab 2005"]
[Site "Farum"]
[Date "2005.10.18"]
[Round "3"]
[White "Thorsbro, Peter"]
[Black "Nielsen, Nicholas Roland"]
[Result "0-1"]
[WhiteElo "2205"]
[BlackElo "2208"]
[PlyCount "94"]
[EventDate "2005.10.??"]
[EventType "swiss"]
[EventRounds "7"]
[EventCountry "DEN"]

1. d4 Nf6 2. c4 g6 3. Nc3 Bg7 4. e4 d6 5. Be2 O-O 6. Nf3 e5 7. Be3 Na6 8. d5
Ng4 9. Bg5 Qe8 10. Nd2 Nh6 11. f3 f5 12. Be3 Rf7 13. a3 f4 14. Bf2 Bf8 15. b4
c6 16. Qa4 Nc7 17. c5 b5 18. cxb6 axb6 19. Qxc6 Bd7 20. Qxb6 Qc8 21. b5 Ne8 22.
Nc4 Be7 23. Bg1 Bd8 24. Qf2 Ba5 25. Rc1 Bxc3+ 26. Rxc3 Bxb5 27. Bd3 Rc7 28. Qc2
Qa6 29. Bb6 Rxc4 30. Bxc4 Bxc4 31. Bf2 Qa5 32. Kd2 Nc7 33. Kd1 Bb5 34. Qb2 Ba4+
35. Ke2 Nb5 36. Rcc1 Nxa3 37. Qc3 Bb5+ 38. Ke1 Qxc3+ 39. Rxc3 Nc4 40. Rc1 Ra2
41. g3 Nb2 42. Rc2 Ra1+ 43. Kd2 Rxh1 44. Rxb2 Rxh2 45. Kc3 fxg3 46. Bxg3 Rxb2
47. Kxb2 g5 0-1

[Event "8. HK Mesterskab 2005"]
[Site "Farum"]
[Date "2005.10.18"]
[Round "3"]
[White "Noer, Martin Stampe"]
[Black "Pedersen, Christopher RNH"]
[Result "1/2-1/2"]
[WhiteElo "1804"]
[BlackElo "1798"]
[PlyCount "45"]
[EventDate "2005.10.??"]
[EventType "swiss"]
[EventRounds "7"]
[EventCountry "DEN"]

1. d4 Nf6 2. Bg5 e6 3. e3 c5 4. c3 cxd4 5. exd4 Be7 6. Nf3 Qb6 7. Qb3 Qxb3 8.
axb3 O-O 9. Bd3 b6 10. O-O Bb7 11. Nbd2 h6 12. Bh4 g5 13. Bg3 Nd5 14. Rfe1 f5
15. Bxb8 Rfxb8 16. Ne5 Nf4 17. Bf1 d6 18. Nd3 Nxd3 19. Bxd3 Kf7 20. Re2 Bf6 21.
Rae1 Re8 22. Bc4 Bd5 23. Bxd5 1/2-1/2

[Event "8. HK Mesterskab 2005"]
[Site "Farum"]
[Date "2005.10.18"]
[Round "3"]
[White "Andersen, Daniel"]
[Black "Bostrup, Thomas Due"]
[Result "1-0"]
[WhiteElo "2026"]
[BlackElo "1721"]
[PlyCount "73"]
[EventDate "2005.10.??"]
[EventType "swiss"]
[EventRounds "7"]
[EventCountry "DEN"]

1. d4 Nf6 2. c4 g6 3. Nc3 Bg7 4. e4 d6 5. f3 O-O 6. Be3 Na6 7. Nge2 c5 8. Qd2
Bd7 9. O-O-O Rb8 10. dxc5 Ne8 11. h4 Qa5 12. h5 Nxc5 13. hxg6 fxg6 14. Bh6 Rf7
15. Bxg7 Rxg7 16. Nd4 Nf6 17. Bd3 Nxd3+ 18. Qxd3 a6 19. f4 b5 20. Nb3 Qc7 21.
cxb5 axb5 22. Kb1 Qc4 23. Qe3 Rc8 24. Rd4 Qc7 25. Ka1 Rf7 26. Qd2 Qb7 27. e5
Ne8 28. Ne4 dxe5 29. Nec5 Qc6 30. Rxd7 exf4 31. Re1 f3 32. gxf3 Qxf3 33. Rd8
Rxd8 34. Qxd8 Rf8 35. Ne6 Qf2 36. Rd1 Qf1 37. Nxf8 1-0

[Event "8. HK Mesterskab 2005"]
[Site "Farum"]
[Date "2005.10.18"]
[Round "3"]
[White "Scherwin, Claes"]
[Black "Jensen, Orla"]
[Result "1-0"]
[WhiteElo "1618"]
[BlackElo "2003"]
[PlyCount "108"]
[EventDate "2005.10.??"]
[EventType "swiss"]
[EventRounds "7"]
[EventCountry "DEN"]

1. e4 c5 2. Nf3 e6 3. Nc3 Nc6 4. d4 cxd4 5. Nxd4 Nf6 6. a3 d5 7. exd5 exd5 8.
Be3 Be7 9. Be2 O-O 10. O-O h6 11. Bf3 Ne5 12. Bf4 Nxf3+ 13. Qxf3 a6 14. h3 Bc5
15. Qd3 Bxd4 16. Qxd4 Be6 17. Ne2 Rc8 18. Qd3 Qb6 19. Nd4 Rc4 20. Be3 Qc7 21.
c3 Rc8 22. Rac1 Ne4 23. f4 Bd7 24. f5 f6 25. Bf4 Qb6 26. Rb1 Re8 27. Kh2 Rcc8
28. Qf3 Bb5 29. Rfe1 Bd7 30. h4 Re7 31. Be3 Qc7+ 32. Bf4 Qc4 33. Qg4 Kh8 34.
Kg1 Rce8 35. Qg6 Qc8 36. Re3 Nc5 37. Bxh6 gxh6 38. Qxh6+ Rh7 39. Qxf6+ Rg7 40.
Rg3 Ree7 41. Rxg7 Rxg7 42. h5 Ne4 43. Qe5 Kh7 44. Qxd5 Bc6 45. Nxc6 Qxc6 46.
Qxc6 bxc6 47. Re1 Rg4 48. Kh2 Kh6 49. g3 Kxh5 50. Re2 Kg5 51. f6 Kxf6 52. Kh3
Kf5 53. Re3 Rg6 54. b3 Rd6 1-0

[Event "8. HK Mesterskab 2005"]
[Site "Farum"]
[Date "2005.10.18"]
[Round "3"]
[White "Hansen, Torben"]
[Black "Eriksson, Christian Altenburg"]
[Result "0-1"]
[WhiteElo "1603"]
[BlackElo "1985"]
[PlyCount "100"]
[EventDate "2005.10.??"]
[EventType "swiss"]
[EventRounds "7"]
[EventCountry "DEN"]

1. e4 c5 2. d3 g6 3. Be3 Bg7 4. Nc3 d6 5. Qd2 Nc6 6. g3 Rb8 7. Bg2 b5 8. Rb1 b4
9. Nce2 Qa5 10. Nf3 Qxa2 11. O-O e5 12. Ra1 Qe6 13. Nc1 Qe7 14. Nb3 Nd4 15.
Bxd4 exd4 16. Na5 Qc7 17. Nc4 f6 18. Qf4 Bf8 19. Rfe1 Be6 20. e5 fxe5 21. Nfxe5
Bh6 22. Qe4 dxe5 23. Qxe5 Qxe5 24. Rxe5 Kf7 25. Rxa7+ Ne7 26. Rxc5 Bxc4 27.
Rxc4 Bg7 28. Rcc7 Bf6 29. Bd5+ Kg7 30. Bc4 Rhe8 31. Ra6 Rbc8 32. Raa7 Rxc7 33.
Rxc7 Rb8 34. f4 g5 35. fxg5 Bxg5 36. h4 Be3+ 37. Kg2 Kf6 38. g4 h6 39. Rd7 Rb6
40. g5+ hxg5 41. hxg5+ Bxg5 42. Rxd4 Bc1 43. b3 Nf5 44. Rd8 Ke7 45. Rh8 Ne3+
46. Kf3 Nxc2 47. Ke4 Na3 48. Kd5 Bd2 49. Rh7+ Kf6 50. Rh2 Bf4 0-1

[Event "8. HK Mesterskab 2005"]
[Site "Farum"]
[Date "2005.10.18"]
[Round "3"]
[White "Christophersen, David"]
[Black "Thomsen, Kurt"]
[Result "1/2-1/2"]
[WhiteElo "1512"]
[BlackElo "1851"]
[PlyCount "89"]
[EventDate "2005.10.??"]
[EventType "swiss"]
[EventRounds "7"]
[EventCountry "DEN"]

1. g3 Nf6 2. Bg2 d5 3. d3 g6 4. c4 c6 5. Nc3 Bg7 6. cxd5 Nxd5 7. Qb3 Nb6 8. Nf3
Be6 9. Qc2 Na6 10. Ng5 Nb4 11. Qd2 Bh6 12. Qd1 Bxg5 13. Bxg5 Qd7 14. a3 N4d5
15. O-O Bh3 16. Na4 Bxg2 17. Kxg2 h6 18. Bd2 h5 19. h4 O-O-O 20. Ba5 Nf4+ 21.
gxf4 Qd5+ 22. e4 Qxa5 23. Nxb6+ Qxb6 24. Qe2 Qd4 25. Rfd1 f6 26. Qe3 Kb8 27.
Rd2 Qxe3 28. fxe3 g5 29. Kf3 g4+ 30. Kg3 e5 31. d4 Kc7 32. Rad1 Rhe8 33. d5
exf4+ 34. Kxf4 Re5 35. b4 Rde8 36. d6+ Kd7 37. Rd4 f5 38. exf5 Rxe3 39. Kg5
Rxa3 40. Kxh5 g3 41. f6 Rf3 42. Kg4 Rxf6 43. Kxg3 Rh8 44. Rg4 Rh7 45. Rg8
1/2-1/2

[Event "8. HK Mesterskab 2005"]
[Site "Farum"]
[Date "2005.10.18"]
[Round "3"]
[White "Jorgensen, Orla Eilegaard"]
[Black "Rasmussen, Ole"]
[Result "1/2-1/2"]
[WhiteElo "1595"]
[BlackElo "1613"]
[PlyCount "59"]
[EventDate "2005.10.??"]
[EventType "swiss"]
[EventRounds "7"]
[EventCountry "DEN"]

1. e4 c5 2. c3 Nc6 3. d4 cxd4 4. cxd4 e6 5. Nf3 Nf6 6. Bg5 Qa5+ 7. Bd2 Qb6 8.
e5 Ne4 9. Nc3 Nxd2 10. Qxd2 d5 11. a3 Be7 12. b4 O-O 13. Be2 Bd7 14. O-O Rac8
15. Na4 Qd8 16. Nc5 Bxc5 17. bxc5 b6 18. Rfc1 Na5 19. Rab1 Ba4 20. Qb4 Bd7 21.
Rc3 Nc6 22. Qb2 bxc5 23. Rxc5 Qe7 24. Rcc1 Rb8 25. Qc3 Rfc8 26. Qd3 Rxb1 27.
Rxb1 Rb8 28. Rxb8+ Nxb8 29. Qb3 Nc6 30. a4 1/2-1/2

[Event "8. HK Mesterskab 2005"]
[Site "Farum"]
[Date "2005.10.18"]
[Round "3"]
[White "Palvig, David"]
[Black "Hein, Jacob"]
[Result "1-0"]
[WhiteElo "1171"]
[BlackElo "1390"]
[PlyCount "45"]
[EventDate "2005.10.??"]
[EventType "swiss"]
[EventRounds "7"]
[EventCountry "DEN"]

1. Nf3 Nf6 2. d4 c5 3. c3 cxd4 4. cxd4 Nc6 5. Bf4 d6 6. e3 a6 7. Nc3 Qa5 8. Bc4
Bg4 9. O-O Qh5 10. Be2 Rd8 11. Qb3 Na5 12. Qb6 Nd7 13. Qc7 g5 14. Bg3 Bxf3 15.
Bxf3 g4 16. Bxg4 Qxg4 17. Qxa5 h5 18. h3 Qg6 19. Bh4 Rg8 20. g3 Bh6 21. Nd5 Qe4
22. Nc7+ Kf8 23. Ne6+ 1-0